00509nam a2200181Ia 450000500170000000800410001704000190005804100120007708200150008910000190010424500730012326000270019630000110022344000200023450400360025465000270029085000100031720240304130554.0131103s9999 xx 000 0 und d aLoreto College aEnglish a371.2bMIL aMiles,Margaret aComprehensive schoolingb problems and perspectives cMargaret Miles aLondonbLongmansc1968 a99 p.  aEducation Today aIncludes bibliography and index aSchool Administration  aLCLIB